| 000 | 00966nam a2200301 i 4500 | ||
|---|---|---|---|
| 003 | EG-GICUC | ||
| 005 | 20260208171821.0 | ||
| 008 | 260208s1924 fr ||fr|||| 000 0 fre d | ||
| 040 |
_aEG-GiCUC _bfre _cEG-GiCUC _dEG-GiCUC _eRda |
||
| 041 | 0 | _afre | |
| 082 | 0 | 4 |
_221 _a341.81 _bGA . N |
| 092 | 0 | 4 | _221 |
| 099 | _aLaw1 12 341.81 GA . N 1924 | ||
| 100 | 1 |
_aGain, Rene _eAuteur |
|
| 245 | 1 | 3 |
_aLa Nationalité Des Sociétés : _bAvant Et Depuis La Guerre 1944-1948 / _cRene Gain. |
| 264 | 3 |
_aParis : _bLibrairie Dalloz, _c1924. |
|
| 300 |
_a254 page, _c24 cm. |
||
| 336 |
_2rda contenu _a texte |
||
| 337 |
_2rda medias _aOrdinateur |
||
| 338 |
_2 transporteur rda _a Ressource en ligne |
||
| 504 | _aComprend des références bibliographiques. | ||
| 546 | _aTexte en français | ||
| 650 | 1 | 4 |
_aDroit international privé _2 |
| 651 | 1 | _2 | |
| 856 | 4 | 0 | _uhttps://fll.law.cu.edu.eg/fulltext/bks/B12-02329.pdf |
| 905 | _a48 | ||
| 942 |
_2ddc _cBK _e21 _n0 |
||
| 999 |
_c61695 _d61695 |
||